000 01029nas a2200289 4500
001 BR8001523
003 BR-BrBNA
005 20231205084232.0
007 ta
008 230509b bl.|||p| |||| 00| 00por d
040 _aBR-BrBNA
_bpor
_cBiblioteca Nacional de Agricultura
041 _a(Pt)
072 _aL30; L50
100 1 _aMiyada, V.S.
100 1 _aLavorenti, A.
245 1 _aUso da levedura seca (Saccharomyces cerevisiae)de destilarias de alcool de cana de acucar na alimentacao de suinos em crescimento e acabamento
246 1 _a[Use of dried yeast (Saccharomyces cerevisiae)from sugarcane alcohol distillers in the feeding of growing and finishing swine]
650 _aNutricao animal
650 _aFisiologia animal
650 _aSUÍNO
650 _aLevedura
650 _aRacao
650 _aProteina
773 0 _tRevista da Sociedade Brasileira de Zootecnia (Brazil)
_xISSN 0100-4859
_g(1979), v. 8(3) p. 497-515
_wBR8001523
909 _a202311
_bLúcia
_c55
_dLúcia Elande
942 _2AGRIS
_n0
_cANA
999 _c103943
_d103943